00475 2200181 4500001002100000005001500021035002000036245005000056100001800106300001800124260003500142082001000177084001600187650001200203650002200215008004100237990001500278INLIS00000000000047820260404023551 a0010-04260000161 aMemenuhi Panggilan Tugas /cDR. A.H. Nasution0 aA.H. Nasution axii, 374 hlm. aJakarta :bGunung Agung,c1983 a959.8 a959.8 A. m aGerilya aSejarah Indonesia260404 g 0 ind  a0248/BB/15